| 000 | 07958namaa22004451i 4500 | ||
|---|---|---|---|
| 003 | EG-GICUC | ||
| 005 | 20260415125211.0 | ||
| 008 | 260401s2025 ua a|||frm||| 000 0 eng d | ||
| 040 |
_aEG-GICUC _beng _cEG-GICUC _dEG-GICUC _erda |
||
| 041 | 0 |
_aeng _beng _bara |
|
| 049 | _aDeposit | ||
| 082 | 0 | 4 | _a615.82 |
| 092 |
_a615.82 _221 |
||
| 097 | _aM.Sc | ||
| 099 | _aCai01.21.10.M.Sc.2025.No.I | ||
| 100 | 0 |
_aNouran Hesham Slama, _epreparation. |
|
| 245 | 1 | 0 |
_aImpact of low-level laser and aerobic exercise on peripheral arterial outcomes in patients with type 2 diabete / _cby Nouran Hesham Slama ; Supervisors Prof. Nesren Ghareeb El-Nahas, Dr. Hend Abd El-Monaem Abd El-Moanaem, Dr. Maha Mohamed Emam Shapanah. |
| 246 | 1 | 5 | _aتأثير الليزر منخفض المستوى والتمارين الهوائية على مخرجات الشرايين الطرفية في مرضى السكري من النوع الثاني |
| 264 | 0 | _c2025. | |
| 300 |
_a96 pages : _billustrations ; _c25 cm. + _eCD. |
||
| 336 |
_atext _2rda content |
||
| 337 |
_aUnmediated _2rdamedia |
||
| 338 |
_avolume _2rdacarrier |
||
| 502 | _a Thesis (M.Sc)-Cairo University, 2025. | ||
| 504 | _aBibliography: pages 84 -90. | ||
| 520 | 3 | _aBackground: Peripheral arterial disease (PAD) in patients with type 2 diabetes mellitus (T2DM) is a significant factor contributing to impaired mobility and increased cardiovascular risk. While aerobic exercise remains a fundamental part of PAD rehabilitation, low-level laser therapy (LLLT) has been used as a promising adjunct to improve perfusion and promote angiogenesis. Objective: To examine the combined effect of LLLT and aerobic exercise on peripheral arterial function, pain, and functional walking capacity in T2DM patients with PAD.Patients and Methods: This randomized controlled trial enrolled 40 patients aged 55–65 years with T2DM and mild-to-moderate PAD. Participants were randomly assigned to two groups: Group A received LLLT (scan; 808 nm, 450 mW) in addition to moderate aerobic exercise, and Group B received aerobic exercise only. The intervention lasted for 12 weeks (3 sessions/week). Outcome measures included the ankle-brachial index (ABI), peak systolic velocity (PSV), pain assessed using a visual analog scale (VAS), and functional treadmill metrics, such as initial claudication distance, absolute claudication distance, time to initial and absolute claudication, and VO₂ max.Results: Both groups showed significant improvements in ABI, PSV, VAS, and treadmill parameters (p < 0.05). Compared to Group B, Group A demonstrated significantly greater gains in ABI (20% vs. 13.6%), larger reductions in PSV (52.7% vs. 45.4%), and a bigger decrease in pain intensity (VAS: 48.8% vs. 29.2%). Treadmill performance improved significantly in both groups, with Group A achieving better outcomes in initial claudication distance, absolute claudication distance, and time to initial and absolute claudication (p < 0.05). Although VO₂ max improved in both groups, the difference between the groups was not statistically significant(p> 0.05).However, group A showed a greater performance. Conclusion: The combination of low-level laser therapy and aerobic exercise proved more effective than exercise alone in improving vascular function, relieving pain, and enhancing walking ability in diabetic patients with PAD. | |
| 520 | 3 | _aيُعد مرض الشرايين الطرفيةلدى مرضى السكري من النوع الثانيعاملاً رئيسيًا في ضعف القدرة الحركية وزيادة خطر الإصابة بالأمراض القلبية الوعائية. وعلى الرغم من أن التمارين الهوائية تمثل ركيزة أساسية في برامج تأهيل، فقد أُستخدم العلاج بالليزر منخفض المستوىكوسيلة واعدة لتحسين التروية الدموية وتعزيز عملية تكوين الأوعية الجديدة. •الهدف: دراسة التأثير المشترك للعلاج بالليزر منخفض المستوى والتمارين الهوائية على وظيفة الشرايين الطرفية، وشدة الألم، والقدرة الوظيفية على المشي لدى مرضى السكري من النوع الثاني المصابين بمرض الشرايين المحيطيه ز •المواد والطرق: اشتملت هذه التجربة العشوائية المُحكمة على 40 مريضًا تتراوح أعمارهم بين 55–65 عامًا، يعانون من سكري النوع الثاني ومرض الشرايين الطرفيةبدرجة خفيفة إلى متوسطة. تم تقسيم المشاركين عشوائيًا إلى مجموعتين: المجموعة (أ) تلقت علاج الليزر منخفض المستوى (مسح؛ 808 نانومتر، 450 ميلي واط) بالإضافة إلى برنامج للتمارين الهوائية المعتدلة، بينما تلقت المجموعة (ب) التمارين الهوائية فقط. استمرت فترة التدخل لمدة 12 أسبوعًا (3 جلسات/أسبوع). وتم قياس النتائج من خلال: مؤشر الكاحل العضدي ، السرعة الانقباضيةالقصوى،شدة الألم باستخدام المقياس البصري التناظريبالإضافة إلى مقاييس جهاز المشي الوظيفية مثل مسافة العرج الأولية، مسافة العرج المطلقة، زمن ظهور الألم الأولي والمطلق، واستهلاك الأكسجين الأقصى. •النتائج: أظهرت كلا المجموعتين تحسنًا ملحوظًا في مؤشر ABI، السرعة الانقباضية PSV، شدة الألم (VAS)، ومقاييس جهاز المشي (p < 0.05). إلا أن المجموعة (أ) حققت تحسنًا أكبر مقارنةً بالمجموعة (ب)، حيث زاد مؤشر ABI بنسبة (20% مقابل 13.6%)، وانخفضت PSV بنسبة (52.7% مقابل 45.4%)، كما انخفضت شدة الألم (VAS) بنسبة (48.8% مقابل 29.2%). كذلك أظهرت المجموعة (أ) نتائج أفضل في مسافة العرج الأولية والمطلقة، وزمن ظهور الألم الأولي والمطلق (p < 0.05). بينما تحسن استهلاك الأكسجين الأقصى (VO₂ max) في كلا المجموعتين، إلا أن الفارق بينهما لم يكن ذا دلالة إحصائية، رغم أن المجموعة (أ) سجلت أداءً أعلى. •الاستنتاج: أثبت الدمج بين العلاج بالليزر منخفض المستوى والتمارين الهوائية فعالية أكبر من التمارين الهوائية وحدها في تحسين الوظائف الوعائية، وتخفيف الألم، وتعزيز القدرة على المشي لدى مرضى السكري المصابين بمرض الشرايين الطرفية. | |
| 530 | _aIssues also as CD. | ||
| 546 | _aText in English and abstract in Arabic & English. | ||
| 650 | 0 | _aPhysical Therapy | |
| 650 | 0 | _aالعلاج الطبيعي | |
| 653 | 1 |
_aPeripheral Artery Disease _aPhotobiomodulation _aWalking Capacity _aPeak Systolic Velocity _aمرض الشرايين الطرفية _aالعلاج بالليزر منخفض المستوى |
|
| 700 | 0 |
_aNesren Ghareeb El-Nahas _ethesis advisor. |
|
| 700 | 0 |
_aHend Abd El-Monaem Abd El-Moanaem _ethesis advisor. |
|
| 700 | 0 |
_aMaha Mohamed Emam Shapanah _ethesis advisor. |
|
| 900 |
_b01-01-2025 _cNesren Ghareeb El-Nahas _cHend Abd El-Monaem Abd El-Moanaem _cMaha Mohamed Emam Shapanah _UCairo University _FFaculty of Physical Therapy _DDepartment of Physical Therapy for Cardiovascular/ Respiratory Disorder and Geriatrics |
||
| 905 |
_aShimaa _eEman Ghareb |
||
| 942 |
_2ddc _cTH _e21 _n0 |
||
| 999 | _c179129 | ||